Regional report (Record no. 79364)

MARC details
000 -LEADER
fixed length control field 00793cab a22001935a 4500
001 - CONTROL NUMBER
control field L140847
008 - FIXED-LENGTH DATA ELEMENTS--GENERAL INFORMATION
fixed length control field 071015e20071012xxkaod s 000 0 eng d
035 ## - SYSTEM CONTROL NUMBER
System control number (Sirsi) u140847
041 0# - LANGUAGE CODE
Language code of text/sound track or separate title eng
100 1# - MAIN ENTRY--PERSONAL NAME
Personal name Heap, Richard
245 00 - TITLE STATEMENT
Title Regional report
Remainder of title Thames Valley
260 ## - PUBLICATION, DISTRIBUTION, ETC.
Date of publication, distribution, etc. 2007
490 ## - SERIES STATEMENT
Series statement Property Week
Volume/sequential designation 72(41) 12 October 2007, 83-98(10)
520 ## - SUMMARY, ETC.
Summary, etc. Reports on market news from around the region; how the Competition Commission is investigating Tesco's influence on Slough's retail market; local protest against retail redevelopment plans in Wokingham; the benefits of high-spec office refurbishment show Vodaphone, Newbury is going green.
590 ## - LOCAL NOTE (RLIN)
Local note KA
651 #4 - SUBJECT ADDED ENTRY--GEOGRAPHIC NAME
Geographic name Thames Valley
690 ## - LOCAL SUBJECT ADDED ENTRY--TOPICAL TERM (OCLC, RLIN)
Topical term or geographic name as entry element PROPERTY-COMMERCIAL PROPERTY-COMMERCIAL PROPERTY DEVELOPMENT
942 ## - ADDED ENTRY ELEMENTS (KOHA)
Suppress in OPAC 0
Holdings
Withdrawn status Lost status Source of classification or shelving scheme Damaged status Not for loan Home library Current library Shelving location Date acquired Total Checkouts Full call number Barcode Date last seen Copy number Price effective from Koha item type
    Dewey Decimal Classification     London London Journal article 15/10/2007   L140847 140847-1001 06/08/2019 1 06/08/2019 Journal article